3 Biggest Cities in each Region of Yemen - Statistics

General Stats
  • This quiz has been taken 4 times
  • The average score is 9 of 64
Answer Stats
Region + Rank Population City % Correct
Aden 1 1,338,734 Aden
100%
Ibb 1 773,028 Ibb
100%
Amanat Al Asimah 1 3,604,962 Sana'a
100%
Taiz 1 1,194,376 Taiz
100%
Al Hudaydah 1 804,558 Al Hudaydah
50%
Al Mahwit 1 28,460 Al Mahwit
50%
'Amran 1 136,062 'Amrān
50%
Dhamar 1 461,330 Dhamar
50%
Hajjah 2 68,011 Hajjah
50%
Lahij 1 287,490 Lahij
50%
Ma'rib 1 216,423 Ma'rib
50%
Sa'dah 1 119,607 Sa'dah
50%
Ad Dali' 1 92,137 Ad Dali'
25%
Al Bayda' 1 138,550 Al Bayda'
25%
Al Mahrah 1 101,056 Al Ghaydah
25%
Aden 2 210,329 Little Aden
25%
Hadhramaut 3 204,509 Seiyun
25%
Hajjah 1 103,037 Abs
0%
Al Jawf 3 10,513 Al Chalek
0%
Raymah 1 54,206 Algabin
0%
Lahij 2 107,610 Al Habilayn
0%
Al Jawf 1 37,091 Al Hazm
0%
Al Hudaydah 3 76,015 Al Marawi`ah
0%
Hadhramaut 1 1,273,495 Al Mukalla
0%
Ibb 2 157,541 Al Qa'idah
0%
Raymah 3 47,044 Alsalfiah
0%
Lahij 3 74,173 Al-Shibr
0%
Al Mahwit 3 11,610 Altaweelah
0%
Taiz 3 41,110 Ar Rahidah
0%
Shabwah 3 32,057 Ar Rawdah
0%
Shabwah 1 75,155 Ataq
0%
Sa'dah 2 45,288 At Talh
0%
Taiz 2 58,061 At Turbah
0%
Al Hudaydah 2 170,193 Bajil
0%
Shabwah 2 46,341 Bayhan al Qisab
0%
Ad Dali' 2 40,679 Damt
0%
Sa'dah 3 31,626 Dhahyan
0%
Hadhramaut 2 437,063 Fuwwah
0%
Socotra 1 44,205 Hadibu
0%
Hajjah 3 36,608 Harad
0%
Ma'rib 2 35,010 Harib
0%
Sana'a 1 85,150 Hezyaz
0%
'Amran 3 24,220 Huth
0%
Abyan 2 45,103 Ja'ar
0%
'Amran 2 43,160 Khamer
0%
Abyan 3 42,066 Lawdar
0%
Dhamar 2 38,052 Ma'bar
0%
Aden 3 51,207 Madinat Asha'ab
0%
Al Bayda' 3 21,249 Malah
0%
Sana'a 3 25,560 Matnah
0%
Ma'rib 3 10,125 Naja
0%
Socotra 3 7,166 Qadub
0%
Socotra 2 12,238 Qalansiyah
0%
Ad Dali' 3 33,715 Qa'tabah
0%
Al Mahrah 2 35,723 Qishn
0%
Raymah 2 48,501 Qosmah
0%
Al Bayda' 2 65,187 Rada'a
0%
Sana'a 2 39,245 Sa`wan
0%
Al Mahwit 2 13,096 Shibam
0%
Al Mahrah 3 15,270 Shisan
0%
Al Jawf 2 16,552 Suq Al Ghinan
0%
Ibb 3 110,549 Yarim
0%
Dhamar 3 19,410 Zarajah
0%
Abyan 1 71,505 Zinjibar
0%
No matching quizzes found
Score Distribution
Percent of People with Each Score
Percentile by Number Answered
Your Score History
You have not taken this quiz